Těžké tanky - ocelová pěst : dějiny vývoje a nasazení těžkých tanků od první světové do studené války /

Hlavní autor: Pejčoch, Ivo, 1962-2019
Jazyk: Čeština
Vydáno: Cheb : Svět křídel, 2010
Vydání: Vyd. 1.
Edice: Svět křídel
Témata:
Externí odkaz: Digitalizovaný dokument
Fyzický popis: 323 s. : il. ; 25 cm
Knihy
Uloženo v:
LEADER 01640cam a2200445 a 4500
001 nkc20102114899
003 CZ PrNK
005 20110224071247.0
007 ta
008 100608s2010 xr a e 000 0 cze d
015 |a cnb002114899 
020 |a 978-80-86808-76-5  |q (váz.) 
035 |a (OCoLC)670480059 
040 |a KLG001  |b cze  |d ABA001 
045 |a x1x8 
072 7 |a 623  |x Vojenská technika  |2 Konspekt  |9 19 
080 |a 623.438.3  |2 MRF 
080 |a (048.8)  |2 MRF 
100 1 |a Pejčoch, Ivo,  |d 1962-2019  |7 jn20001227197  |4 aut 
245 1 0 |a Těžké tanky - ocelová pěst :  |b dějiny vývoje a nasazení těžkých tanků od první světové do studené války /  |c Ivo Pejčoch 
246 3 0 |a Dějiny vývoje a nasazení těžkých tanků od první světové do studené války 
246 1 4 |a Těžké tanky 
250 |a Vyd. 1. 
260 |a Cheb :  |b Svět křídel,  |c 2010 
300 |a 323 s. :  |b il. ;  |c 25 cm 
490 1 |a Svět křídel ;  |v 118 
500 |a 1300 výt. 
504 |a Obsahuje bibliografii 
648 7 |a 20. století  |7 ch460558  |2 czenas 
650 0 7 |a tanky  |7 ph116396  |y 20. století  |2 czenas 
650 0 9 |a tanks (armoured vehicles)  |y 20th century  |2 eczenas 
655 7 |a přehledy  |7 fd133202  |2 czenas 
655 9 |a surveys  |2 eczenas 
830 0 |a Svět křídel  |0 s 
856 4 1 |u http://www.digitalniknihovna.cz/mzk/uuid/uuid:61d04460-977b-11e7-82e4-005056827e52  |y Digitalizovaný dokument  |x NDK 
910 2 |a BOA001  |b 2-1249.768 
990 |a BK 
995 |a 01 
991 |b 201010  |c NOV  |j 623.4 PEJ  |e n 
996 6 |b 2610448340  |c 2-1249.768  |l MZK  |r Sklad / do 1 hodiny  |n 6  |p p.v.  |w 001147051  |u 000010  |a 1  |e BOA001  |j MZK50  |s P